Evaluación de las condiciones de competitividad del sector frutícola chileno con relación a su inserción al mercado internacional entre los años 1993-2004
Sparad:
| Huvudupphovsman: | |
|---|---|
| Materialtyp: | Bok |
| Språk: | spanska |
| Publicerad: |
Arica
Universidad de Tarapacá
2006
|
| Upplaga: | 1a. ed |
| Ämnen: | |
| Taggar: |
Lägg till en tagg
Inga taggar, Lägg till första taggen!
|
MARC
| LEADER | 00000nam a2200000 a 4500 | ||
|---|---|---|---|
| 001 | UCI0049 | ||
| 003 | CL-VaPUC | ||
| 008 | 070420e20060000CL |||||||||||||||||spa|d | ||
| 020 | |a 9567021236 | ||
| 082 | 0 | 4 | |a 382.41 |b TAP |2 21 |
| 100 | 0 | |a Tapia Iturrieta, Luis |e author |9 520122 | |
| 245 | 1 | 0 | |a Evaluación de las condiciones de competitividad del sector frutícola chileno con relación a su inserción al mercado internacional entre los años 1993-2004 |
| 250 | |a 1a. ed | ||
| 300 | |a 147 p | ||
| 942 | |c BK | ||
| 945 | |d 20070420 00:00:00 |a cmena | ||
| 260 | |a Arica |b Universidad de Tarapacá |c 2006 | ||
| 650 | 7 | |a COMERCIO INTERNACIONAL |2 CL-VaPUC |9 520123 | |
| 650 | 7 | |a EXPORTACIONES |2 CL-VaPUC |9 255382 | |
| 650 | 0 | |a Industria agrícola |9 264819 | |
| 650 | 0 | |a Fruticultura |9 259678 | |
| 650 | 0 | |a Competitividad |9 308495 | |
| 583 | |a last modification |c 20130304 02:03:31 |k Rodrigo Vera | ||
| 999 | |c 325341 |d 325339 | ||
| 952 | |0 0 |1 0 |4 0 |6 382_410000000000000_TAP_2006 |7 0 |8 A |9 406069 |a BIBAGR |b BIBAGR |d 2019-11-22 |i 4332814 |o 382.41 TAP 2006 |p 4332814 |r 2024-01-30 |w 2019-11-22 |y BK |k AGR | ||